[Event "SCG-chT1 Central"]
[Site "Vrnjacka Banja"]
[Date "2004.09.27"]
[Round "4.2"]
[White "Velimirovic, Dragoljub"]
[Black "Muratovic, Alija"]
[Result "1/2-1/2"]
[WhiteElo "2458"]
[BlackElo "2376"]
[PlyCount "85"]
[EventDate "2004.09.25"]
[EventType "team"]
[EventRounds "11"]
[EventCountry "YUG"]
[Source "ChessBase"]
[SourceDate "2004.11.03"]
[WhiteTeam "01"]
[BlackTeam "08"]
[WhiteTeamCountry "YUG"]
[BlackTeamCountry "YUG"]

1. e4 e5 2. Nf3 Nc6 3. Bb5 g6 4. d4 exd4 5. c3 d3 6. Bg5 Be7 7. h4 d6 8. Nbd2
h6 9. Bf4 Bd7 10. Qb3 Nf6 11. Bxd3 Qc8 12. Nd4 h5 13. Nxc6 Bxc6 14. f3 Qd7 15.
a4 a5 16. Nf1 d5 17. e5 Qe6 18. Qc2 Nd7 19. Qe2 O-O-O 20. Nd2 Nc5 21. b4 axb4
22. cxb4 Nxd3+ 23. Qxd3 Bxb4 24. O-O Bxd2 25. Qxd2 d4 26. Rfc1 Rd5 27. Qd3 Qf5
28. Qxf5+ gxf5 29. a5 Bb5 30. e6 c5 31. exf7 Rf8 32. Re1 Kd7 33. Re5 Rxe5 34.
Bxe5 d3 35. Bc3 Rxf7 36. Re1 c4 37. Kf2 Kd6 38. Rb1 Kc6 39. Kg3 f4+ 40. Kf2 Ba4
41. Re1 Rf5 42. Re4 Bb3 43. Ke1 1/2-1/2

[Event "SCG-chT1 Central"]
[Site "Vrnjacka Banja"]
[Date "2004.09.28"]
[Round "5.2"]
[White "Drasko, Milan"]
[Black "Velimirovic, Dragoljub"]
[Result "1/2-1/2"]
[WhiteElo "2471"]
[BlackElo "2458"]
[PlyCount "20"]
[EventDate "2004.09.25"]
[EventType "team"]
[EventRounds "11"]
[EventCountry "YUG"]
[Source "ChessBase"]
[SourceDate "2004.11.03"]
[WhiteTeam "03"]
[BlackTeam "01"]
[WhiteTeamCountry "YUG"]
[BlackTeamCountry "YUG"]

1. d4 Nf6 2. c4 c5 3. d5 e6 4. Nc3 exd5 5. cxd5 d6 6. Nf3 g6 7. g3 Bg7 8. Bg2
O-O 9. O-O Nbd7 10. Re1 a6 1/2-1/2

[Event "SRB-chT 1st League"]
[Site "Serbia"]
[Date "2005.09.26"]
[Round "2.5"]
[White "Velimirovic, Dragoljub"]
[Black "Vratonjic, Slobodan"]
[Result "0-1"]
[WhiteElo "2472"]
[BlackElo "2455"]
[PlyCount "107"]
[EventDate "2005.09.25"]
[EventType ""]
[EventRounds "11"]
[EventCountry "SER"]
[Source "ChessBase"]
[SourceDate "2011.11.24"]
[WhiteTeam "Sveti Nikolaj"]
[BlackTeam "Borac"]
[WhiteTeamCountry "SER"]
[BlackTeamCountry "SER"]

1. e4 c5 2. Nf3 e6 3. d4 cxd4 4. Nxd4 Nc6 5. Nc3 Qc7 6. Be2 Nf6 7. O-O Be7 8.
Kh1 a6 9. f4 d6 10. a4 O-O 11. g4 Nxd4 12. Qxd4 d5 13. e5 Nd7 14. g5 b6 15. Rf3
Bb7 16. Rh3 Rfc8 17. Bf3 b5 18. Bd2 b4 19. Ne2 Qxc2 20. Rc1 Qf5 21. Kg2 Bc5 22.
Rxc5 Nxc5 23. Bxb4 Qc2 24. f5 Qc4 25. Qxc4 dxc4 26. Bxb7 Nxb7 27. fxe6 fxe6 28.
g6 hxg6 29. Nf4 Nc5 30. Nxg6 Kf7 31. Nh4 Rab8 32. Rf3+ Ke8 33. Ba3 Rb3 34. Rf2
Nd3 35. Rf8+ Kd7 36. Rf7+ Kc6 37. Ng6 Rc7 38. Ne7+ Kb7 39. Bd6 Rxb2+ 40. Kg3 c3
41. Bxc7 c2 42. Ba5 c1=Q 43. Nd5+ Kc6 44. Nb4+ Rxb4 45. Rc7+ Kd5 46. Rxc1 Rxa4
47. Rd1 Rxa5 48. Rxd3+ Kxe5 49. Rf3 Rd5 50. Rf7 g6 51. Kg4 Kd6 52. Ra7 a5 53.
h3 Re5 54. Kf4 0-1

[Event "SRB-chT 1st League"]
[Site "Serbia"]
[Date "2005.09.26"]
[Round "3.1"]
[White "Gavrilovic, Leonardo"]
[Black "Velimirovic, Dragoljub"]
[Result "0-1"]
[WhiteElo "2264"]
[BlackElo "2472"]
[PlyCount "76"]
[EventDate "2005.09.25"]
[EventType ""]
[EventRounds "11"]
[EventCountry "SER"]
[Source "ChessBase"]
[SourceDate "2011.11.24"]
[WhiteTeam "Takovo Metalac"]
[BlackTeam "Sveti Nikolaj"]
[WhiteTeamCountry "SER"]
[BlackTeamCountry "SER"]

1. Nf3 c5 2. c4 g6 3. d4 Bg7 4. Nc3 cxd4 5. Nxd4 Nc6 6. e3 Nf6 7. Be2 O-O 8.
O-O d6 9. b3 Nd7 10. Bb2 Nc5 11. Nd5 a5 12. Nxc6 bxc6 13. Bxg7 Kxg7 14. Nc3 Rb8
15. Bf3 Qb6 16. Qd4+ f6 17. Ne4 Nd7 18. Qxb6 Rxb6 19. c5 dxc5 20. Rfc1 c4 21.
bxc4 Ne5 22. Be2 Rb2 23. Kf1 Rd8 24. h3 Bf5 25. Nc5 Rdd2 26. Re1 Rxa2 27. Rxa2
Rxa2 28. g4 Nd7 29. Nb3 Be4 30. f3 Bc2 31. Nd4 Ne5 32. c5 a4 33. Nxc2 Rxc2 34.
Ra1 Nc4 35. Rxa4 Nxe3+ 36. Kf2 Nd5 37. Rc4 Nc3 38. Kf1 Rc1+ 0-1

[Event "SRB-chT 1st League"]
[Site "Serbia"]
[Date "2005.09.27"]
[Round "4.4"]
[White "Velimirovic, Dragoljub"]
[Black "Muratovic, Alija"]
[Result "1-0"]
[WhiteElo "2472"]
[BlackElo "2417"]
[PlyCount "57"]
[EventDate "2005.09.25"]
[EventType ""]
[EventRounds "11"]
[EventCountry "SER"]
[Source "ChessBase"]
[SourceDate "2011.11.24"]
[WhiteTeam "Sveti Nikolaj"]
[BlackTeam "Novi Pazar INA Dizajn"]
[WhiteTeamCountry "SER"]
[BlackTeamCountry "SER"]

1. e4 e5 2. Nf3 Nc6 3. d4 exd4 4. c3 d3 5. Bxd3 d6 6. O-O Nf6 7. h3 Be7 8. Nd4
O-O 9. f4 Re8 10. Nd2 Bf8 11. Qc2 Nh5 12. N2f3 g6 13. Nxc6 bxc6 14. f5 Ng3 15.
fxg6 hxg6 16. Bg5 f6 17. Bh4 Nxf1 18. Rxf1 g5 19. e5 dxe5 20. Bc4+ Kh8 21. Qg6
Be6 22. Nxg5 fxg5 23. Rxf8+ Rxf8 24. Qh6+ Kg8 25. Bxe6+ Rf7 26. Qg6+ Kh8 27.
Bxf7 Qd1+ 28. Kh2 Qd6 29. Be6 1-0

[Event "SRB-chT 1st League"]
[Site "Serbia"]
[Date "2005.09.28"]
[Round "6.3"]
[White "Velimirovic, Dragoljub"]
[Black "Stamenkovic, Zoran"]
[Result "1-0"]
[WhiteElo "2472"]
[BlackElo "2421"]
[PlyCount "119"]
[EventDate "2005.09.25"]
[EventType ""]
[EventRounds "11"]
[EventCountry "SER"]
[Source "ChessBase"]
[SourceDate "2011.11.24"]
[WhiteTeam "Sveti Nikolaj"]
[BlackTeam "Bozevac Zadrugar"]
[WhiteTeamCountry "SER"]
[BlackTeamCountry "SER"]

1. e4 e6 2. d4 d5 3. Nc3 Nf6 4. Bg5 Be7 5. e5 Nfd7 6. h4 Bxg5 7. hxg5 Qxg5 8.
Nb5 Qd8 9. Qg4 g6 10. Nf3 a6 11. Nc3 c5 12. O-O-O Nc6 13. dxc5 Nxc5 14. Qf4 Qe7
15. Ng5 h6 16. Nf3 Bd7 17. Rxh6 Rxh6 18. Qxh6 O-O-O 19. Qf4 Be8 20. Nd4 Nxd4
21. Qxd4 Kb8 22. Be2 Rc8 23. Kb1 Qc7 24. Rd2 b5 25. f4 Qb7 26. a3 a5 27. b4 Na4
28. Nd1 axb4 29. axb4 Qc6 30. c3 Rc7 31. Ra2 Bd7 32. Kc2 Bc8 33. Ra3 Bb7 34.
Nb2 Nxb2 35. Kxb2 Bc8 36. Ra5 Ba6 37. Ra1 Bc8 38. Kb3 Ba6 39. Qc5 Kb7 40. Qxc6+
Rxc6 41. Rh1 Kb6 42. Rh8 Bb7 43. Rf8 Rc7 44. g3 Bc6 45. Kc2 Rd7 46. Rb8+ Kc7
47. Rf8 d4 48. cxd4 Rxd4 49. Rxf7+ Kb6 50. Rf6 g5 51. Kc3 Re4 52. Bd3 Re3 53.
Rxe6 Rxg3 54. Kd4 Kc7 55. f5 g4 56. f6 Bd7 57. Re7 Kd8 58. e6 Bc6 59. Rg7 Rf3
60. Rg8+ 1-0

[Event "SRB-chT 1st League"]
[Site "Serbia"]
[Date "2005.09.29"]
[Round "7.3"]
[White "Savicevic, Vlatko"]
[Black "Velimirovic, Dragoljub"]
[Result "1/2-1/2"]
[WhiteElo "2339"]
[BlackElo "2472"]
[PlyCount "103"]
[EventDate "2005.09.25"]
[EventType ""]
[EventRounds "11"]
[EventCountry "SER"]
[Source "ChessBase"]
[SourceDate "2011.11.24"]
[WhiteTeam "Telekom"]
[BlackTeam "Sveti Nikolaj"]
[WhiteTeamCountry "SER"]
[BlackTeamCountry "SER"]

1. e4 c5 2. Nf3 d6 3. d4 cxd4 4. Nxd4 Nf6 5. Nc3 g6 6. Bc4 Bg7 7. O-O O-O 8.
Re1 Nc6 9. Bb3 Bd7 10. Nxc6 bxc6 11. Bg5 h6 12. Bh4 Qc7 13. Qd2 Rad8 14. Rad1
g5 15. Bg3 Nh5 16. Ne2 Bc8 17. c3 Ba6 18. Qe3 e6 19. Qf3 Bxe2 20. Rxe2 Nxg3 21.
Qxg3 Qa5 22. h4 Qe5 23. Qxe5 Bxe5 24. hxg5 hxg5 25. g3 Rb8 26. Kg2 Kg7 27. Rf1
g4 28. Rh1 Kf6 29. Rh4 Rg8 30. Ba4 Rb6 31. Rd2 Rgb8 32. Bb3 Kg5 33. Rd1 a5 34.
Rdh1 Kf6 35. Rxg4 a4 36. Bxa4 Rxb2 37. Bxc6 R8b6 38. Ba4 Rxa2 39. Bd1 Rbb2 40.
Rf1 Ra3 41. Rg8 Rxc3 42. Bh5 Ke7 43. Kh3 Rcc2 44. f4 Rh2+ 45. Kg4 f5+ 46. exf5
exf5+ 47. Kg5 Rbg2 48. g4 Bf6+ 49. Kg6 fxg4 50. Re1+ Re2 51. Rxe2+ Rxe2 52.
Bxg4 1/2-1/2

[Event "SRB-chT 1st League"]
[Site "Serbia"]
[Date "2005.09.30"]
[Round "9.4"]
[White "Panic, Nenad"]
[Black "Velimirovic, Dragoljub"]
[Result "0-1"]
[WhiteElo "2314"]
[BlackElo "2472"]
[PlyCount "98"]
[EventDate "2005.09.25"]
[EventType ""]
[EventRounds "11"]
[EventCountry "SER"]
[Source "ChessBase"]
[SourceDate "2011.11.24"]
[WhiteTeam "Sloga"]
[BlackTeam "Sveti Nikolaj"]
[WhiteTeamCountry "SER"]
[BlackTeamCountry "SER"]

1. e3 c5 2. f4 Nc6 3. Nf3 g6 4. Bb5 Bg7 5. O-O d6 6. d3 Bd7 7. Nc3 a6 8. Bxc6
Bxc6 9. a4 e6 10. Qe1 Ne7 11. e4 b5 12. axb5 axb5 13. Rxa8 Qxa8 14. Qh4 h6 15.
Be3 b4 16. Nd1 b3 17. c4 Qa1 18. Qf2 Qb1 19. Qd2 Qc2 20. Qxc2 bxc2 21. Nc3 f5
22. e5 Bxf3 23. gxf3 Nc6 24. exd6 Kd7 25. Rc1 Nb4 26. Kf1 Kxd6 27. Ke2 Kc6 28.
Na4 g5 29. Bxc5 Bxb2 30. Nxb2 Kxc5 31. Na4+ Kd4 32. Kd2 gxf4 33. Nc3 Rg8 34.
Ne2+ Kc5 35. Rg1 Rxg1 36. Nxg1 Nxd3 37. Kxc2 Kxc4 38. Kd2 Ne5 39. Ke2 Kc3 40.
Nh3 Nd3 41. Ng1 e5 42. h4 Nc5 43. Nh3 Ne6 44. h5 Kc2 45. Kf2 Kd2 46. Kg1 e4 47.
fxe4 fxe4 48. Nf2 Ng5 49. Kg2 e3 0-1

[Event "SRB-chT 1st League"]
[Site "Serbia"]
[Date "2005.10.01"]
[Round "10.1"]
[White "Velimirovic, Dragoljub"]
[Black "Milosevic, Slavisa"]
[Result "1-0"]
[WhiteElo "2472"]
[BlackElo "2291"]
[PlyCount "51"]
[EventDate "2005.09.25"]
[EventType ""]
[EventRounds "11"]
[EventCountry "SER"]
[Source "ChessBase"]
[SourceDate "2011.11.24"]
[WhiteTeam "Sveti Nikolaj"]
[BlackTeam "Smederevska Palanka Jasenica"]
[WhiteTeamCountry "SER"]
[BlackTeamCountry "SER"]

1. e4 Nc6 2. d4 e5 3. Nf3 exd4 4. c3 d3 5. Bxd3 Be7 6. O-O d6 7. Nbd2 Nf6 8. h3
Ne5 9. Nxe5 dxe5 10. Nc4 Nd7 11. Bc2 O-O 12. Be3 Bg5 13. Qh5 h6 14. Rad1 Bxe3
15. Nxe3 c6 16. Rd6 Qg5 17. Qxg5 hxg5 18. Rfd1 Nf6 19. Nc4 g4 20. hxg4 Nxg4 21.
Na5 Re8 22. b4 Kf8 23. Bb3 Ke7 24. Nxb7 Nf6 25. Nc5 Nd5 26. Bxd5 1-0

[Event "Bayern-chI Bank Hofmann 9th"]
[Site "Bad Wiessee"]
[Date "2005.10.29"]
[Round "1"]
[White "Velimirovic, Dragoljub"]
[Black "Zahiruddin, Asefi"]
[Result "1-0"]
[WhiteElo "2472"]
[BlackElo "2043"]
[PlyCount "33"]
[EventDate "2005.10.29"]
[EventType "swiss"]
[EventRounds "9"]
[EventCountry "GER"]
[Source "ChessBase"]
[SourceDate "2005.11.24"]
[WhiteTeamCountry "SER"]
[BlackTeamCountry "SER"]

1. e4 d6 2. d4 g6 3. Nc3 Bg7 4. f4 Nf6 5. Nf3 O-O 6. e5 Ne8 7. Be3 c6 8. Bd3
Nd7 9. h4 Qb6 10. Qd2 f5 11. h5 d5 12. hxg6 h6 13. O-O-O Qa5 14. Qf2 b5 15.
Rxh6 Bxh6 16. Qh4 Ndf6 17. Qxh6 1-0

[Event "Bayern-chI Bank Hofmann 9th"]
[Site "Bad Wiessee"]
[Date "2005.11.02"]
[Round "5"]
[White "Velimirovic, Dragoljub"]
[Black "Schuette, Manfred"]
[Result "1-0"]
[WhiteElo "2472"]
[BlackElo "2319"]
[PlyCount "81"]
[EventDate "2005.10.29"]
[EventType "swiss"]
[EventRounds "9"]
[EventCountry "GER"]
[Source "ChessBase"]
[SourceDate "2005.11.24"]
[WhiteTeamCountry "SER"]
[BlackTeamCountry "SER"]

1. e4 c5 2. Nf3 d6 3. d4 cxd4 4. Nxd4 Nf6 5. Nc3 g6 6. Be3 Bg7 7. f3 O-O 8. Qd2
Nc6 9. Bc4 Nd7 10. Bb3 Na5 11. h4 Nb6 12. Qd3 Nxb3 13. axb3 d5 14. Nde2 Qc7 15.
Bxb6 Qxb6 16. Nxd5 Qd6 17. Ndc3 Qxd3 18. cxd3 Be6 19. Nf4 Bxb3 20. Ra3 Be6 21.
Nxe6 fxe6 22. h5 Rfc8 23. hxg6 hxg6 24. Kd2 a6 25. Ne2 Rc6 26. d4 Rd8 27. Rd3
Rc4 28. e5 Rb4 29. b3 a5 30. f4 b5 31. g4 g5 32. fxg5 Bxe5 33. dxe5 Rxd3+ 34.
Kxd3 Rxb3+ 35. Ke4 a4 36. Nd4 Rb2 37. Nxe6 Kf7 38. Nf4 a3 39. g6+ Kg8 40. Ne6
Rb4+ 41. Kf5 1-0

[Event "Bayern-chI Bank Hofmann 9th"]
[Site "Bad Wiessee"]
[Date "2005.11.03"]
[Round "6"]
[White "Morawietz, Dieter"]
[Black "Velimirovic, Dragoljub"]
[Result "1-0"]
[WhiteElo "2385"]
[BlackElo "2472"]
[PlyCount "71"]
[EventDate "2005.10.29"]
[EventType "swiss"]
[EventRounds "9"]
[EventCountry "GER"]
[Source "ChessBase"]
[SourceDate "2005.11.24"]
[WhiteTeamCountry "SER"]
[BlackTeamCountry "SER"]

1. e4 c5 2. Nf3 Nc6 3. d4 cxd4 4. Nxd4 g6 5. Nc3 Bg7 6. Be3 Nf6 7. Bc4 O-O 8.
Bb3 d6 9. f3 Bd7 10. Qd2 Qa5 11. O-O-O Rfc8 12. Kb1 Ne5 13. h4 Nc4 14. Bxc4
Rxc4 15. Nb3 Qc7 16. Bd4 Bc6 17. h5 b5 18. hxg6 hxg6 19. Rh4 b4 20. Ne2 Rc8 21.
Na1 Bb5 22. Rdh1 Rc6 23. Rh7 Nxh7 24. Bxg7 g5 25. Nd4 Rc5 26. Bh6 Bd7 27. g4 e5
28. Ndb3 f6 29. Nxc5 dxc5 30. Qd5+ Be6 31. Qxe6+ Kh8 32. Nb3 Qd8 33. Nc1 c4 34.
Rd1 Qg8 35. Qd7 Ra8 36. Qb7 1-0

[Event "Belgrade Trophy 18th"]
[Site "Obrenovac"]
[Date "2005.??.??"]
[Round "1"]
[White "Velimirovic, Dragoljub"]
[Black "Mirkovic, Predrag"]
[Result "1-0"]
[WhiteElo "2472"]
[BlackElo "2147"]
[PlyCount "73"]
[EventDate "2005.11.22"]
[EventType "swiss"]
[EventRounds "9"]
[EventCountry "YUG"]
[Source "ChessBase"]
[SourceDate "2006.01.03"]
[WhiteTeamCountry "SER"]
[BlackTeamCountry "SER"]

1. e4 c5 2. Nf3 d6 3. d4 cxd4 4. Nxd4 Nf6 5. Nc3 a6 6. Bc4 e6 7. Bb3 Be7 8. g4
Nc6 9. g5 Nxd4 10. Qxd4 Nh5 11. Rg1 O-O 12. Be3 b5 13. O-O-O Bd7 14. e5 d5 15.
Ne4 dxe4 16. Qxd7 Qxd7 17. Rxd7 Rfe8 18. c3 a5 19. Bc2 b4 20. Bxe4 Rac8 21. Bb7
Rc4 22. Ba6 Re4 23. Bb5 Bf8 24. Rd4 Rxd4 25. cxd4 Rb8 26. Bd3 a4 27. Kd2 g6 28.
Rc1 Ng7 29. b3 axb3 30. axb3 Nf5 31. Bxf5 gxf5 32. Rc7 Ra8 33. d5 Ra2+ 34. Kd3
f4 35. Bd4 exd5 36. Rc8 Ra5 37. h4 1-0

[Event "Belgrade Trophy 18th"]
[Site "Obrenovac"]
[Date "2005.??.??"]
[Round "2"]
[White "Damjanovic, Dragan"]
[Black "Velimirovic, Dragoljub"]
[Result "1-0"]
[WhiteElo "2278"]
[BlackElo "2472"]
[PlyCount "89"]
[EventDate "2005.11.22"]
[EventType "swiss"]
[EventRounds "9"]
[EventCountry "YUG"]
[Source "ChessBase"]
[SourceDate "2006.01.03"]
[WhiteTeamCountry "SER"]
[BlackTeamCountry "SER"]

1. d4 Nf6 2. c4 c5 3. d5 g6 4. Nc3 Bg7 5. e4 d6 6. Nf3 O-O 7. h3 a6 8. a4 e6 9.
Bd3 Re8 10. O-O e5 11. Bg5 h6 12. Be3 Nh5 13. Qd2 Kh7 14. g4 Nf4 15. Bxf4 exf4
16. Qxf4 Qe7 17. Kg2 Nd7 18. Rae1 Kg8 19. Re2 Nf8 20. Qd2 g5 21. e5 dxe5 22.
Rfe1 f6 23. Be4 Rd8 24. Qc2 Qf7 25. Nh2 Bd7 26. Nf1 Be8 27. Ng3 Ng6 28. Bxg6
Qxg6 29. Nf5 Bf8 30. Rd2 Kh7 31. Ne4 Bd7 32. Nfg3 Kg8 33. Nh5 f5 34. Nef6+ Kf7
35. Rxe5 fxg4 36. hxg4 Qxc2 37. Rxc2 Bxa4 38. Rc3 Bd6 39. Re6 Bf4 40. Nxf4 gxf4
41. Nh5 Bd7 42. Rf6+ Kg8 43. Rxh6 b5 44. Rg6+ Kf8 45. Rf3 1-0

[Event "Belgrade Trophy 18th"]
[Site "Obrenovac"]
[Date "2005.??.??"]
[Round "3"]
[White "Velimirovic, Dragoljub"]
[Black "Maksimovic, Miroslav"]
[Result "1-0"]
[WhiteElo "2472"]
[BlackElo "2193"]
[PlyCount "95"]
[EventDate "2005.11.22"]
[EventType "swiss"]
[EventRounds "9"]
[EventCountry "YUG"]
[Source "ChessBase"]
[SourceDate "2006.01.03"]
[WhiteTeamCountry "SER"]
[BlackTeamCountry "SER"]

1. e4 c5 2. Nf3 d6 3. d4 cxd4 4. Nxd4 Nf6 5. Nc3 Nc6 6. Bc4 Qb6 7. Bb5 Bd7 8.
Be3 Qa5 9. O-O e6 10. Be2 a6 11. Nb3 Qc7 12. a4 Na5 13. Nxa5 Qxa5 14. f4 Be7
15. Qe1 Bc6 16. b4 Qc7 17. b5 Bxe4 18. Nxe4 Nxe4 19. bxa6 bxa6 20. f5 O-O 21.
fxe6 fxe6 22. Rxf8+ Rxf8 23. Bxa6 Qxc2 24. Qc1 Qxc1+ 25. Rxc1 d5 26. Bb7 Nd6
27. Bc6 Nc4 28. Bd4 Bf6 29. Bf2 Kf7 30. Bb5 Nd6 31. Rc7+ Kg6 32. Bd3+ Ne4 33.
a5 Bd8 34. Rc8 Kf7 35. Bxe4 dxe4 36. Bc5 Re8 37. a6 Bb6 38. Rc6 Bxc5+ 39. Rxc5
Ra8 40. Rc7+ Kf6 41. a7 e5 42. Kf2 h5 43. Ke3 Rd8 44. Rc6+ Kf5 45. Ra6 Ra8 46.
Ra2 h4 47. Ra1 g5 48. Ra3 1-0

[Event "Belgrade Trophy 18th"]
[Site "Obrenovac"]
[Date "2005.??.??"]
[Round "5"]
[White "Velimirovic, Dragoljub"]
[Black "Ljangov, Petar"]
[Result "1-0"]
[WhiteElo "2472"]
[BlackElo "2140"]
[PlyCount "95"]
[EventDate "2005.11.22"]
[EventType "swiss"]
[EventRounds "9"]
[EventCountry "YUG"]
[Source "ChessBase"]
[SourceDate "2006.01.03"]
[WhiteTeamCountry "SER"]
[BlackTeamCountry "SER"]

1. e4 e6 2. d4 d5 3. Nc3 Bb4 4. e5 c5 5. a3 Bxc3+ 6. bxc3 Qc7 7. Nf3 Nc6 8. h4
Nge7 9. h5 h6 10. a4 Bd7 11. Ba3 Qa5 12. Qd2 cxd4 13. cxd4 Qxd2+ 14. Kxd2 Nf5
15. Rb1 b6 16. c3 Na5 17. Bb5 Nc4+ 18. Bxc4 dxc4 19. a5 Bc6 20. Ke2 b5 21. a6
Ne7 22. Bxe7 Kxe7 23. d5 Bxd5 24. Rxb5 Bxf3+ 25. Kxf3 Rhd8 26. Rb7+ Rd7 27.
Rxd7+ Kxd7 28. Rh4 Rc8 29. Rg4 Rc6 30. Rxg7 Ke7 31. g4 Kf8 32. Rh7 Rxa6 33.
Rxh6 Ra3 34. Rh8+ Kg7 35. Rc8 Rxc3+ 36. Kf4 Rc2 37. Kg3 c3 38. g5 Re2 39. f4 c2
40. Rc7 Kg8 41. h6 a5 42. Kf3 Rh2 43. f5 exf5 44. e6 fxe6 45. Kg3 Rh5 46. Kf4
c1=Q+ 47. Rxc1 a4 48. Rc8+ 1-0

[Event "Belgrade Trophy 18th"]
[Site "Obrenovac"]
[Date "2005.??.??"]
[Round "6"]
[White "Velimirovic, Dragoljub"]
[Black "Savic, Dragan"]
[Result "1-0"]
[WhiteElo "2472"]
[BlackElo "2193"]
[PlyCount "85"]
[EventDate "2005.11.22"]
[EventType "swiss"]
[EventRounds "9"]
[EventCountry "YUG"]
[Source "ChessBase"]
[SourceDate "2006.01.03"]
[WhiteTeamCountry "SER"]
[BlackTeamCountry "SER"]

1. e4 e6 2. d4 d5 3. Nc3 Bb4 4. e5 c5 5. a3 Bxc3+ 6. bxc3 Ne7 7. Nf3 Qa5 8. Bd2
Nbc6 9. Bd3 cxd4 10. cxd4 Qa4 11. Bc3 Bd7 12. O-O Nf5 13. Qb1 Nfxd4 14. Nxd4
Nxd4 15. Qxb7 Bc6 16. Qc7 O-O 17. Bxd4 Rfc8 18. Qd6 Qxd4 19. Ba6 Ba4 20. Bxc8
Rxc8 21. Rab1 h6 22. Rb8 Qc3 23. Qb4 Qxb4 24. Rxc8+ Qf8 25. Rxf8+ Kxf8 26. c3
Bb5 27. Rb1 a6 28. Rb4 g5 29. f4 Kg7 30. fxg5 hxg5 31. Rg4 f6 32. h4 fxe5 33.
Rxg5+ Kf6 34. Kf2 d4 35. Rg3 Be8 36. Rf3+ Kg7 37. cxd4 exd4 38. Rf4 e5 39. Rf5
e4 40. Rd5 d3 41. Ke3 Bb5 42. Rd6 Kf7 43. h5 1-0

[Event "Belgrade Trophy 18th"]
[Site "Obrenovac"]
[Date "2005.??.??"]
[Round "7"]
[White "Zivkovic, Sava"]
[Black "Velimirovic, Dragoljub"]
[Result "1/2-1/2"]
[WhiteElo "2296"]
[BlackElo "2472"]
[PlyCount "107"]
[EventDate "2005.11.22"]
[EventType "swiss"]
[EventRounds "9"]
[EventCountry "YUG"]
[Source "ChessBase"]
[SourceDate "2006.01.03"]
[WhiteTeamCountry "SER"]
[BlackTeamCountry "SER"]

1. e4 c5 2. Nf3 d6 3. d4 cxd4 4. Nxd4 Nf6 5. Nc3 g6 6. g3 h5 7. h3 Bd7 8. Bg2
Qc8 9. Bg5 Bg7 10. Nd5 Nxd5 11. exd5 Qc4 12. c3 O-O 13. Qb3 Qc8 14. h4 Bf6 15.
Bxf6 exf6 16. O-O Na6 17. Rae1 Nc5 18. Qd1 f5 19. Qd2 Re8 20. Rxe8+ Bxe8 21.
Re1 Qd8 22. Re2 Nd7 23. Nf3 Qf6 24. Qf4 a5 25. Ng5 Kg7 26. Qc4 Nc5 27. Qd4 Rc8
28. Nf3 Qxd4 29. Nxd4 Kf8 30. c4 f4 31. b3 fxg3 32. fxg3 Bd7 33. Bf3 Re8 34.
Rxe8+ Kxe8 35. Kf2 Ke7 36. Ke3 Kf6 37. Bg2 Bf5 38. Bf1 Bb1 39. a3 Ne4 40. Kf4
Nd2 41. Be2 Ba2 42. Bd1 a4 43. bxa4 Nxc4 44. Nb5 Nb2 45. Bc2 Bxd5 46. Nxd6 Ke6
47. Nb5 Ke7 48. Ke5 Be6 49. Kd4 Kd7 50. Kc5 Nc4 51. Kd4 Na5 52. Kc5 Nc4 53. Kd4
Nd2 54. Ke5 1/2-1/2

[Event "Belgrade Trophy 18th"]
[Site "Obrenovac"]
[Date "2005.??.??"]
[Round "8"]
[White "Velimirovic, Dragoljub"]
[Black "Vukanovic, Sasa"]
[Result "0-1"]
[WhiteElo "2472"]
[BlackElo "2353"]
[PlyCount "82"]
[EventDate "2005.11.22"]
[EventType "swiss"]
[EventRounds "9"]
[EventCountry "YUG"]
[Source "ChessBase"]
[SourceDate "2006.01.03"]
[WhiteTeamCountry "SER"]
[BlackTeamCountry "SER"]

1. e4 e5 2. Nf3 Nf6 3. d4 Nxe4 4. dxe5 d5 5. Nbd2 Nxd2 6. Qxd2 Be6 7. Qf4 Nd7
8. c3 c6 9. Bd3 Qc7 10. O-O Be7 11. Re1 h6 12. Nd4 Nc5 13. Bc2 g5 14. Qe3 O-O-O
15. b4 Nd7 16. a4 Kb8 17. Rb1 Ka8 18. a5 a6 19. c4 dxc4 20. Nxe6 fxe6 21. Qc3
Bf8 22. Be3 Bg7 23. Bd4 Rhf8 24. Rbd1 Rc8 25. Qe3 c5 26. bxc5 Nxc5 27. Bxc5
Qxc5 28. Rd7 Bxe5 29. h3 Qxe3 30. Rxe3 Rc7 31. Rd1 Rc5 32. Re4 Rf4 33. Re2 Rxa5
34. g3 Rd4 35. Rde1 Ra2 36. Bg6 Rxe2 37. Rxe2 Rd1+ 38. Kg2 Bd4 39. Bc2 Rc1 40.
f4 gxf4 41. gxf4 b5 0-1